| 000 | 01705cad a22002775a 4500 | ||
|---|---|---|---|
| 001 | L148640 | ||
| 008 | 091014s2009 xxkbdo f f000 0 eng d | ||
| 020 | _a9781847812926 | ||
| 035 | _a(Sirsi) u148640 | ||
| 041 | 0 | _aeng | |
| 050 | 0 | 4 | _a711.309421 $2 18 |
| 110 | 1 |
_aLondon _bGreater London Authority _bMayor of London _94869 |
|
| 245 | 0 | 4 |
_aThe London Plan _bspatial development strategy for Greater London, consultation draft replacement plan _h[electronic resource] |
| 260 |
_aLondon _bGLA _c2009 |
||
| 505 | 2 | _aMayor's foreword -- Introduction and overview -- Context and strategy -- London's places -- London's people -- London's economy -- London's response to climate change -- London's transport -- London's living places and spaces -- Implementation, monitoring and review -- Annexes -- Glossary -- Index of policies -- Endnotes | |
| 520 | _aConsultation document seeks views on the draft replacement London Plan over the period to 2031. This is an integrated economic, environmental, transport and social plan for the development of London for the next 20-25 years. Part of a set of three documents published simultaneously to deliver the policy framework for London's development over the next 20-25 years (see L148641 and L148642). | ||
| 520 | _aDeadline for comments is 12 January 2010. | ||
| 521 | _aAdvanced | ||
| 590 | _aKA | ||
| 650 | 2 | 4 | _aSTRATEGIC PLANNING |
| 650 | 2 | 4 | _aLONDON PLAN |
| 651 | 4 |
_aLondon (Greater London Authority) _c2000- _93989 |
|
| 690 | _aENVIRONMENTAL AND LAND CONSULTANCY-PLANNING AND DEVELOPMENT-STRATEGIC PLANNING | ||
| 856 | 4 | 0 |
_uhttps://www.london.gov.uk/shaping-london/london-plan/ _zView the item free of charge at www.london.gov.uk... |
| 942 | _n0 | ||
| 999 |
_c110144 _d110144 |
||